Wiki Language Picture Click Quiz Stats

 Plays Quiz Updated Sep 28, 2016

Challenge
Share
Tweet
Score 0/12 Timer 04:00
3 Plays Today
% Correct
Talking drum
97.8%
Encyclopedia
96.5%
Braille
96.3%
Interspecies communication
94.1%
Broca's area
91.7%
Scribe
91.3%
Oral tradition
87.3%
Rhetorical question
85.8%
Extinct language
84.4%
Freedom of speech
66%
Pictogram
54.8%
Speech scroll
52.3%

You're not logged in!

Compare scores with friends on all Sporcle quizzes.
Join for Free
OR
Log In

You Might Also Like...

Show Comments

Extras

Top Quizzes Today


Score Distribution

Your Account Isn't Verified!

In order to create a playlist on Sporcle, you need to verify the email address you used during registration. Go to your Sporcle Settings to finish the process.

Report this User

Report this user for behavior that violates our Community Guidelines.

Details: